Αρωματικά και φαρμακευτικά φυτά

Αποθηκεύτηκε σε:
Λεπτομέρειες βιβλιογραφικής εγγραφής
Κύριος συγγραφέας: Δόρδας, Χρήστος
Μορφή: Βιβλίο
Γλώσσα:Greek
Δημοσίευση: Θεσσαλονίκη : Σύγχρονη Παιδεία, 2012.
Θέματα:
Ετικέτες: Προσθήκη ετικέτας
Δεν υπάρχουν, Καταχωρήστε ετικέτα πρώτοι!

MARC

LEADER 00000cam a2200000 i 4500
001 1/40282
008 140117s2012 gr |||||||||| ||gre||
020 |a 9789603571070  |q (σκληρό εξώφυλλο) 
035 |l 10116357 
040 |a GR-MY-UA  |b gre  |e aacr 
041 0 |a gre 
082 0 |a 633.8  |2 (23) 
100 1 |a Δόρδας, Χρήστος. 
245 1 0 |a Αρωματικά και φαρμακευτικά φυτά /   |c Χρήστος Δόρδας. 
260 |a Θεσσαλονίκη :   |b Σύγχρονη Παιδεία,   |c 2012. 
300 |a 358 σ.;  |b εικ., πίν.;  |c 24 εκ. 
504 |a Βιβλιογραφία: σ.349-358 
650 0 0 |a Aromatic plants. 
650 0 0 |a Essences and essential oils. 
650 0 0 |a Mediterranean-type plants  |x Growth. 
650 0 0 |a Medicinal plants  |z Greece. 
852 |a INST  |b LEMNOS  |c EUDOXUS  |e 20140117  |h 633.8 ΔΟΡ  |p 005600000903  |q 005600000903  |t BK  |y 0 
852 |a INST  |b LEMNOS  |c EUDOXUS  |e 20190610  |h 633.8 ΔΟΡ  |p 005600002390  |q 005600002390  |t BK  |y 0 
852 |a INST  |b LEMNOS  |c EUDOXUS  |e 20220629  |h 633.8 ΔΟΡ  |p 005600003336  |q 005600003336  |t BK  |y 0 
852 |a INST  |b LEMNOS  |c EUDOXUS  |e 20220517  |h 633.8 ΔΟΡ  |p 005600003371  |q 005600003371  |t BK  |y 0 
852 |a INST  |b LESVOS  |c EUDOXUS  |e 20210527  |h 633.8 ΔΟΡ  |p 005100063342  |q 005100063342  |t EDX  |y 0 
920 |a Εύδοξος  |b Παραγγελία  |y Λέσβος-ΤΠ  |z 2021-05 
901 |a BIBL6-2014-1 
909 |a Μ  |b 161171 
920 |a ΕΥΔΟΞΟΣ  |b ΠΑΡΑΓΓΕΛΙΑ  |y Λήμνος-ΤΕΤΔ  |z 2014-01 
920 |a Εύδοξος  |b Παραγγελία  |y Λήμνος-ΤΕΤΔ  |z 2019-05 
920 |a Εύδοξος  |b Παραγγελία  |y Λέσβος-ΤΠ  |z 2021-05 
920 |a Εύδοξος  |b Παραγγελία  |y Λήμνος-ΤΕΤΔ  |z 2022-05 
922 |a 6ΕΛΗ 
970 |a ΜΟΣΧΟΒΗ  |b ΕΥΑΓΓΕΛΙΑ  |z 2014/01/17